UBT Library

Britain after the Glorious Revolution, 1689-1714, (Record no. 43410)

000 -LEADER
fixed length control field 00621nam a2200241 4500
001 - CONTROL NUMBER
control field 2236110
005 - DATE AND TIME OF LATEST TRANSACTION
control field 20180226040744.0
008 - FIXED-LENGTH DATA ELEMENTS--GENERAL INFORMATION
fixed length control field 700211s1969 enk b 001 0 eng
010 ## - LIBRARY OF CONGRESS CONTROL NUMBER
LC control number 76083201
015 ## - NATIONAL BIBLIOGRAPHY NUMBER
National bibliography number B69-24959
020 ## - INTERNATIONAL STANDARD BOOK NUMBER
International Standard Book Number 0333044169
040 ## - CATALOGING SOURCE
Original cataloging agency DLC
Transcribing agency DLC
Modifying agency DLC
041 ## - LANGUAGE CODE
Language code of text/sound track or separate title eng
080 ## - UNIVERSAL DECIMAL CLASSIFICATION NUMBER
Universal Decimal Classification number 942.068 HOL
082 00 - DEWEY DECIMAL CLASSIFICATION NUMBER
Classification number 942.068 HOL
100 1# - Rafti
Rafti 16
101 ## - Shkurtesa
Shkurtesa HIS
245 10 - TITLE STATEMENT
Title Britain after the Glorious Revolution, 1689-1714,
Statement of responsibility, etc edited by Geoffrey Holmes.
350 ## - PRICE (NR) (BK AM CF MU VM SE) [OBSOLETE]
Price 50/-
504 ## - BIBLIOGRAPHY, ETC. NOTE
Bibliography, etc Includes bibliographies.
906 ## - LOCAL DATA ELEMENT F, LDF (RLIN)
a 7
b cbc
c orignew
d u
e ncip
f 19
g y-gencatlg
942 ## - ADDED ENTRY ELEMENTS (KOHA)
Source of classification or shelving scheme
Item type Books
Holdings
Withdrawn status Lost status Source of classification or shelving scheme Damaged status Not for loan Collection code Permanent location Current location Shelving location Date acquired Total Checkouts Full call number Barcode Date last seen Price effective from Koha item type
          Koleksioni i përgjithshem UBT - Lipjan UBT - Lipjan Koleksioni i përgjithshem 02/26/2018   942.068 HOL 002-2999516 02/26/2018 02/26/2018 Books
UBT Library © 2015-2024. All rights reserved University Education for Business and Technology